| 000 | 00458nam a22001457a 4500 | ||
|---|---|---|---|
| 082 | _a004 | ||
| 100 | _aMinhas, Adeel Rasheed | ||
| 245 |
_aIntrusion detection in cloud computing / _cAdeel Rasheed Minhas. |
||
| 260 |
_aIslamabad: _bMCS - NUST, _c2017. |
||
| 300 |
_a63 p. : _bill. ; _c30cm. |
||
| 650 |
_aInformation Security MS-Thesis. _916348 |
||
| 700 |
_aImran Rashid. _935340 |
||
| 942 |
_2ddc _cTHE |
||
| 999 |
_c541191 _d541191 |
||